000 00599nam a2200217Ia 4500
003 OSt
005 20220928135408.0
006 a|||||r|||| 00| 0
007 ta
008 220927b |||||||| |||| 00| 0 eng d
024 _a1828
037 _cTextual
040 _aSDCL
_cSDCL
_beng
041 _2eng
_aeng
082 _aO-:gxM85, K2
100 _aLawerence D H
_9490336
245 0 _aSymbolic meaning
_b The uncollected versions of studies in classic American literature
260 _c1962
942 _hO-:gxM85, K2
_cTEXL
_2CC
999 _c805640
_d805640